Statistics for Contemporary Writing Systems

Click here to take the quiz!

General Stats

  • This quiz has been taken 167 times
  • The average score is 29 of 73

Answer Stats

Script% Correct
Arabic
96%
Latin
96%
Japanese
95%
Simplified Chinese
95%
Traditional Chinese
95%
Cyrillic
93%
Hangul
92%
Greek
89%
Thai
86%
Armenian
83%
Tamil
83%
Mkhedruli
82%
Lao
81%
Hebrew
79%
Burmese
78%
Bangla
76%
Khmer
74%
Telugu
69%
Devanagari
68%
Tibetan
67%
Sinhala
64%
Gurmukhi
63%
Kannada
59%
Ge'ez
57%
Inuktitut
57%
Javanese
56%
Gujarati
55%
Malayalam
55%
Cherokee
53%
Tifinagh
52%
Odia
48%
Persian
48%
Syriac
47%
Cree
43%
Thaana
40%
Assamese
36%
Sundanese
35%
Khudabadi
31%
Balinese
30%
Braille
26%
Yi
24%
Pahawh Hmong
23%
N'Ko
22%
Manchu
20%
Karen
17%
Lontara
17%
Batak
13%
Vai
13%
Lepcha
10%
Cham
9%
Hanunó’o
9%
Adlam
8%
Geba
8%
Afaka
6%
Lanna
6%
Tai Le
6%
Sui
5%
Dunging
4%
Kikakui
4%
Chakma
3%
Limbu
3%
Rejang
3%
Sylheti Nagari
3%
Avoiuli
2%
Buhid
2%
Eskayan
2%
Rañjanā
2%
Tigalari
2%
Fraser
1%
Mru
1%
Sorang Sompeng
1%
Tagbanwa
1%
Kayah Li
0%

Score Distribution

Percentile by Number Answered

Percent of People with Each Score

Your Score History

You have not taken this quiz